Účetnictví a finance v socialistických zemědělských podnicích

Guardado en:
Detalles Bibliográficos
Autor principal: Pišvejc, Jiří
Formato: Libro
Lenguaje:checo
Publicado: Praha Státní zemědělské nakladatelství 1987
Edición:1. vyd.
Etiquetas: Agregar Etiqueta
Sin Etiquetas, Sea el primero en etiquetar este registro!

MARC

LEADER 00000nam a2200000 4500
001 c024595
005 20250513125547.0
041 0 |a cze 
044 |a CZ 
245 1 0 |a Účetnictví a finance v socialistických zemědělských podnicích  |c Jiří Pišvejc a kol. 
250 |a 1. vyd. 
264 1 |a Praha  |b Státní zemědělské nakladatelství  |c 1987 
300 |a 447 s. 
100 1 |a Pišvejc, Jiří